000 00611nam a2200217Ia 4500
003 GCL
008 140319s9999 xx 000 0 ara d
040 _aGCL /
_cGCL
082 0 4 _a301.01
_bم ب
100 1 _aمصطفى شاهين
245 1 0 _aبحث فى علم الاجتماع الدينى /
_cمصطفى شاهين
260 _a[S.N] :
_bلا يوجد ،
_c911
300 _a159 ص
490 _a
650 0 4 _aالسحر
650 0 4 _aالتنجيم
650 0 4 _aالديانات
650 0 4 _aالاجتماع الاسلامى
650 0 4 _aالاجتماع الدينى
942 _2ddc
_cBK
999 _c36034
_d36034